| 000 | 00000nas##2200000za#4500 |
| 001 | 9.507805 |
| 003 | CaOODSP |
| 005 | 20240527135424 |
| 007 | cr ||||||||||| |
| 008 | 150406c2004||||xxc|| p o||||f| |0eng|d |
| 040 | |aCaOODSP|beng |
| 043 | |an-cn--- |
| 086 | 1 |aCW71-9E-PDF |
| 110 | 2 |aCanadian Wildlife Service. |
| 245 | 10|aCanadian habitat matters / |h[electronic resource]|c[co-published by the] North American Waterfowl Management Plan (NAWMP) partnership. |
| 260 | |aOttawa - Ontario : |bEnvironment Canada. |
| 310 | |aAnnual |
| 362 | 1 |a2004--2008 |
| 690 | 07|aAquatic birds|2gcpds |
| 690 | 07|aEnvironmental conservation|2gcpds |
| 775 | 08|tÀ propos des habitats canadiens / |w(CaOODSP)9.504185 |
| 785 | 00|tCanadian habitat matters, annual report |w(CaOODSP)9.507794 |